| 000 | 01812nam a2200457 i 4500 | ||
|---|---|---|---|
| 001 | 51891 | ||
| 003 | KOSZ 005 | ||
| 005 | 20250702063746.0 | ||
| 008 | 190729s2005 pl a g 001 0 pol | ||
| 015 | _aPB 2006/13888 | ||
| 020 | _a837467105X | ||
| 035 | _a991030635779705066 | ||
| 035 | _a(PL-WaBN)b18254160-48omnis_nlop | ||
| 035 | _ab18254160 | ||
| 035 | _a(OCoLC)750005898 | ||
| 035 | _a(PL)b0000001825416 | ||
| 035 | _a(EXLNZ-48OMNIS_NETWORK)9910207116605606 | ||
| 040 |
_aWA N _cWA N _dKOSZ 005/RW |
||
| 041 | 1 |
_apol _aeng _ager _hpol |
|
| 046 | _k2005 | ||
| 080 | _a712(438) | ||
| 100 | 1 |
_aSobisz, Zbigniew _c(biolog) _eAutor |
|
| 245 | 1 | 0 |
_aZabytkowe parki podworskie Pomorza Środkowego / _cZbigniew Sobisz, Mariola Truchan ; Pomorska Akademia Pedagogiczna w Słupsku, Fundacja Współpracy Polsko-Niemieckiej. |
| 260 |
_aSłupsk : _bWydawnictwo Pomorskiej Akademii Pedagogicznej, _c2005. |
||
| 300 |
_a280 stron : _bilustracje (głównie kolorowe) ; _c23 cm. |
||
| 336 |
_aTekst _btxt _2rdacontent |
||
| 337 |
_aBez urządzenia pośredniczącego _bn _2rdamedia |
||
| 338 |
_aWolumin _bnc _2rdacarrier |
||
| 380 | _aKsiążki | ||
| 388 | _a2001- | ||
| 504 | _aBibliografia na stronach 197-200. Indeksy. | ||
| 546 | _aWstęp i przedmowa równolegle w języku polskim, angielskim, niemieckim. Tekst częściowo równolegle w języku polskim, angielskim, niemieckim. | ||
| 650 | 7 | _aParki i ogrody | |
| 651 | 7 |
_aPomorze Zachodnie _2DBN |
|
| 658 | _aArchitektura i budownictwo | ||
| 700 | 1 |
_aTruchan, Mariola _eAutor |
|
| 710 | 2 |
_aWydawnictwo Pomorskiej Akademii Pedagogicznej. _4pbl |
|
| 856 |
_uhttp://koha.tu.koszalin.pl/cgi-bin/koha/opac-detail.pl?biblionumber=51891 _yKatalog online BPK |
||
| 942 |
_2UKD _cKS |
||
| 999 |
_c51891 _d51891 |
||